000 00412nam a2200181Ia 4500
001 1179
005 20260306140613.0
008 260306t2016||||xx |||||||||||||| ||spa||
041 _aESP
082 _a188
_bM26
100 _aMarco Aurelio
_eAUT
245 0 _aMeditaciones o soliloquios
260 _c2016
300 _a218 páginas :
_c18 cm.
650 _aGEN
654 _aCHU
942 _cLIB
_dJUS
_fJUS
_2ddc
_n
999 _c1179
_d1179